书目信息 |
| 题名: |
向拉斯维加斯学习
|
|
| 作者: | 布朗 , 艾泽努儿 , 文图里, 编著 ;徐怡芳 , 王健 译 | |
| 分册: | ||
| 出版信息: | 北京 知识产权出版社 2006.01 |
|
| 页数: | 187页 | |
| 开本: | 21cm | |
| 丛书名: | 经典建筑理论丛书 | |
| 单 册: | ||
| 中图分类: | TU-0 | |
| 科图分类: | ||
| 主题词: | 建筑学--jian zhu xue--研究 | |
| 电子资源: | ||
| ISBN: | 7-80198-169-3 | |
| 000 | 01592nam 2200361 450 | |
| 001 | 012006935468 | |
| 005 | 20061130110211.65 | |
| 010 | @a7-80198-169-3@dCNY25.00 | |
| 100 | @a20061113d2006 km y0chiy0120 ea | |
| 101 | 1 | @achi@ceng |
| 102 | @aCN@b110000 | |
| 105 | @aa a 000yy | |
| 200 | 1 | @a向拉斯维加斯学习@Axiang la si wei jia si xue xi@f(美) 罗伯特·文丘里, 丹尼丝·斯科特·布朗, 史蒂文·艾泽努尔编著@F(mei)luo bo te·wen qiu li,dan ni si·si ke te·bu lang,shi di wen·ai ze nu er bian zhu@g徐怡芳, 王健译@Gxu yi fang,wang jian yi |
| 210 | @a北京@c知识产权出版社@d2006.01 | |
| 215 | @a187页@c图@d21cm | |
| 225 | 2 | @a经典建筑理论丛书@Ajing dian jian zhu li lun cong shu |
| 305 | @a据原书修订版译出 | |
| 306 | @a本书由MIT Press正式授权知识产权出版社在全世界范围内以简体中文翻译、出版、发行 | |
| 312 | @a英文并列题名取自版权页 | |
| 314 | @a责任者Venturi规范汉译姓为:文图里 | |
| 320 | @a有书目 (第164-184页) | |
| 330 | @a本书分为两篇,第一篇介绍了作者对拉斯维加斯商业带中的建筑所作的研究;第二篇“丑陋而平凡的建筑/装饰过的棚屋”针对第一篇的研究结果对建筑学象征主义和城市扩张图式进行了概括。 | |
| 410 | 0 | @12001 @a经典建筑理论丛书 |
| 510 | 1 | @aLearning from Las Vegas@zeng |
| 606 | 0 | @a建筑学@Ajian zhu xue@x研究 |
| 690 | @aTU-0@v4 | |
| 701 | 1 | @a布朗@Abu lang@g(Brown, Denise Scott),@f1931-@4编著 |
| 701 | 1 | @a艾泽努儿@Aai ze nu er@g(Izenour, Steven)@4编著 |
| 701 | 1 | @a文图里,@Awen tu li,@bR.@g(Venturi, Robert),@f1925-@4编著 |
| 702 | 0 | @a徐怡芳@Axu yi fang@4译 |
| 702 | 0 | @a王健@Awang jian@4译 |
| 801 | 0 | @aCN@c20061130 |
| 905 | @a10447@dTU-0@eW663 | |
| 向拉斯维加斯学习/(美) 罗伯特·文丘里, 丹尼丝·斯科特·布朗, 史蒂文·艾泽努尔编著/徐怡芳, 王健译.-北京:知识产权出版社,2006.01 |
| 187页:图;21cm.-(经典建筑理论丛书) |
| ISBN 7-80198-169-3:CNY25.00 |
| 本书分为两篇,第一篇介绍了作者对拉斯维加斯商业带中的建筑所作的研究;第二篇“丑陋而平凡的建筑/装饰过的棚屋”针对第一篇的研究结果对建筑学象征主义和城市扩张图式进行了概括。 |
| ● |
| 相关链接 |
|
|
|
正题名:向拉斯维加斯学习
索取号:TU-0/W663
 
预约/预借
| 序号 | 登录号 | 条形码 | 馆藏地/架位号 | 状态 | 备注 |
| 1 | 227701 | 202277017 | 建筑库101/101建筑库 2排4列1层/ [索取号:TU-0/W663] | 在馆 | |
| 2 | 227702 | 202277026 | 建筑库101/ [索取号:TU-0/W663] | 在馆 |